00946nam a2200241 a 450000100060000000300090000600500170001500800410003202000180007304000280009108200180011910000430013724501580018026000330033830000270037149000130039850400280041165000400043994200120047994900560049199900170054795201400056425495CO-ViMGA20230915232101.0141112s2004 ck r 000 u spa d a9789582010980 aCO-ViMGAbspacCO-ViMGA04a371.782 S15v1 aSánchez Blanco, Concepción.93892610aViolencia física y construcción de identidades : bpropuesta de reflexión crítica para las escuelas infantiles / cConcepción Sánchez Blanco. aEditorial Magisterio, c2013 a159 p. : il. ; 24 cm. aInfancia aIncluye bibliografía.14aViolencia en la educación.925645 2ddccBK an n c33080d33080 00102ddc40708003aMEVIECARbMEVIECARd2015-12-04h16/may/2014l0o371.782 S15v p26699r2019-05-20 00:00:00tEj. 1w2015-12-04yBK